00794aam a2200229 i 4500001001400000003000400014005001700018008004100035020003800076040002900114082001700143245005900160246002100219246003500240264008100275300004600356336002100402337002500423338002300448650003000471880006300501vtls000872363PNM20200806105453.0190305s2018 ii a b 000 1 tam d a9788123436012qpaperbackcRM19.60 aPNMbengcPNMerdadPPAK04a894.8113223006880-01aMeena ennum maina =bMyna, also known as Meena33aMeena ennum myna33aMīṉā eṉṉum maiṉā 1aChennai, India :bNestling Books Publishing and Distributors (P) Ltd.,c2018 a16 pages :bcolour illustrations ;c29 cm atext2rdacontent aunmediated2rdamedia avolume2rdacarrier10aChildren's stories, Tamil106245-01/$1aமீனா என்னும் மைனா